00354nam a2200121Ia 450000500170000000800410001708200130005810000150007124500310008626000400011730000130015750000620017020250429030228.0240331s9999 xx 000 0 und d bKRIa294 aKrishnan,H 0aAnuman :bvaarppm vanappum aChennaibKizhakku Pathippagamc2004 a461 p ., aKamba Ramayanatthil Kura pata annuman patriya eliya oorai